000 00786nam a2200265 i 4500
001 bg
100 1 _aTarabra, Daniela.
245 0 0 _aRubens /
_c[tekst Daniela Tarabra ; tł. z włos. Jadwiga Walkowska].
260 _aWarszawa :
_bRzeczpospolita :
_bHPS,
_ccop. 2006.
300 _a143 s. :
_bil. ;
_c26 cm.
490 1 _aKlasycy Sztuki
_v23
600 9 _aRubens, Peter Paul
_d(1577-1640)
_xtwórczość
650 9 _aMalarstwo flamandzkie
_xhistoria
_y17 w.
700 1 _aWalkowska, Jadwiga
_eTł.
830 _aKlasycy Sztuki
020 _a9788360529225
020 _a8360529221
040 _cBPK
041 1 _apol
_hita
044 _apol
080 _a75.071(493)"16"(084.1)A/Z
920 _a978-83-60529-22-5
942 _cKS
008 s pl f |000 0 pol
999 _c53741
_d53741
856 _uhttp://koha.tu.koszalin.pl/cgi-bin/koha/opac-detail.pl?biblionumber=53741
_yKatalog online BPK